LEADER 01301nam a2200277 u 4500 001 000000081296 003 CaOOAMICUS 005 20070226123735.0 008 050317s2004 it u000 u ita u 035 $a11035110 040 $aPUL$bita 100 1 $aCollia, Angela.$0(OLS)http://pul/name/54199 245 10$aAccertamento processuale delle nevrosi nelle cause di nullitą matrimoniale /$cAngela Collia. 260 $aRoma :$bPontificia Universitą Lateranense,$c2004. 300 $a95 p. ;$c24 cm 500 $a"Excerptum theseos ad Doctoratum in Iure Canonico". 502 $aDiss. (Doct.)-- Pontificia Universitą Lateranense, 2004. 504 $aBibliografia: p. 3-18. 650 4$aMatrimonio (diritto canonico)$xNullitą.$0(OLS)http://pul/subject/5787 650 4$aDiritto processuale canonico.$0(OLS)http://pul/subject/29586 850 $aPUL 852 $aPUL$W1$xDP1 Tesi Pon Univ. Lateranense$y41$mTH PUL 1288$j103732$nBK-PRI$b $qTesi$B103732$CPULBib$Z2$F103732 $H $81 941 1 $a16 960 $aDiritto canonico processuale$929586 996 $6245$aAccertamento processuale delle nevrosi nelle cause di nullitą matrimoniale$9(OLS)http://pul/title/106342 996 $6260$aRoma :$bPontificia Universitą Lateranense$9(OLS)http://pul/publisher/47963 LEADER 01625nam a2200349 a 4500 001 000000175178 003 CaOOAMICUS 005 20220502120156.0 008 220502s2009 enk u000 u eng r 020 $a978-0-521-12573-4* 032 $aLibriCat 040 $aPUL$bita 082 04$a149 100 1 $aTugendhat, Ernst.$0(OLS)http://pul/name/43302 240 10$aVorlesungen zur Einfu?hrung in die sprachanalytische Philosophie.$lInglese.$0(OLS)http://pul/title/216593 245 10$aTraditional and analytical philosophy : $blectures on the philosophy of language / $cErnst Tugendhat; translated by P.A. Gorner. 260 $aCambridge [England] ;$aNew York :$bCambridge University Press,$c©2009. 300 $aXII, 438 p. ;$c22 cm 504 $aInclude riferimenti bibliografici. 650 4$aFilosofia del linguaggio.$0(OLS)http://pul/subject/8316 700 1 $aGorner, P. A.$0(OLS)http://pul/name/112633 850 $aPUL 852 $aPUL$W1$xSL Filosofia 3$y81$m149 TUGER 1$j199428$qDDC 21$B204138$CPULBib$Z2$F204138 $H135596 $82 941 1 $a9 960 $aLinguaggio$xFilosofia$98316 960 $aLinguaggio e filosofia$98316 960 $aLinguaggio e pensiero$98316 996 $6020$a978-0-521-12573-4*$9(OLS)http://pul/number/168607 996 $6082$a149$9(OLS)http://pul/classification/147 996 $6245$aTraditional and analytical philosophy : $blectures on the philosophy of language / $9(OLS)http://pul/title/216594 996 $6260$aCambridge [England] ;$aNew York :$bCambridge University Press$9(OLS)http://pul/publisher/50760